| 000 | 00361nam a2200145 4500 | ||
|---|---|---|---|
| 999 |
_c11476 _d11476 |
||
| 003 | OSt | ||
| 005 | 20230512175911.0 | ||
| 008 | 230512b ||||| |||| 00| 0 eng d | ||
| 020 | _a9789383243242 | ||
| 100 | _aAnna L Dallapiccola with kuldip singh R G Singh | ||
| 245 | _aThanjavur's Gilded gods | ||
| 260 |
_aIndia _bMarg _c2018 |
||
| 300 | _a180 | ||
| 942 | _2ddc | ||